Statistics for Plies Charting Songs (Billboard Hot 100)

Click here to take the quiz!

General Stats

  • This quiz has been taken 6 times
  • The average score is 6 of 15

Answer Stats

AlbumWeeks OnPeakArtist(s)Song% Correct
We the Best Forever7 Weeks#79DJ Khaled ft. Rick Ross, Plies, Lil Wayne & T-PainWelcome to My Hood
100%
Raymond v. Raymond21 Weeks#24Usher ft. PliesHey Daddy (Daddy's Home)
67%
The Real Testament23 Weeks#14Plies ft. AkonHypnotized
67%
We the Best20 Weeks#19DJ Khaled ft. T-Pain, Trick Daddy, Rick Ross & PliesI'm So Hood
67%
The Real Testament22 Weeks#9Plies ft. T-PainShawty
67%
Definition of Real22 Weeks#7Plies ft. Ne-YoBust It Baby Part 2
33%
Thug Motivation 103: Hustlerz Ambition15 Weeks#35Young Jeezy ft. PliesLose My Mind
33%
We Global15 Weeks#38DJ Khaled ft. Akon, Rick Ross, Young Jeezy, Lil Boosie, Trick Daddy, Ace Hood & PliesOut Here Grindin'
33%
Definition of Real12 Weeks#66Plies ft. Jamie Foxx & The-DreamPlease Excuse My Hands
33%
The Goat1 Week#100Plies ft. Kodak BlackReal Hitta
33%
Ain't No Mixtape Bih 35 Weeks#95PliesRock
33%
The State vs. Radric Davis19 Weeks#36Gucci Mane ft. Plies or OJ Da JuicemanWasted
33%
Graffiti1 Week#88Chris Brown ft. PliesWhat I Do
33%
Da REAList13 Weeks#31Plies ft. Chris JPut It On Ya
0%
Da REAList1 Week#96Plies ft. AshantiWant It, Need It
0%

Score Distribution

Percentile by Number Answered

Percent of People with Each Score

Your Score History

You have not taken this quiz